| 000 | 00393nam a22001697a 4500 | ||
|---|---|---|---|
| 003 | NUST - PNEC | ||
| 005 | 20170116181057.0 | ||
| 008 | 151002b xxu||||| |||| 00| 0 eng d | ||
| 020 | _a8120725786 | ||
| 040 | _cLIBRARY | ||
| 082 | _a796.334 SMI | ||
| 100 |
_912146 _aSmith, Mike |
||
| 245 |
_aSoccer _cMike Smith |
||
| 260 | _cc2003 | ||
| 650 |
_912147 _aSoccer _xGeneral |
||
| 942 |
_2ddc _cBK |
||
| 999 |
_c68619 _d68619 |
||